Normal view
MARC view
Entry Personal Name
001 - CONTROL NUMBER
- control field: 45401
003 - CONTROL NUMBER IDENTIFIER
- control field: dpl
005 - DATE AND TIME OF LATEST TRANSACTION
- control field: 20120419124555.0
008 - FIXED-LENGTH DATA ELEMENTS
- fixed length control field: 120419|||a|||||| | ||| d
040 ## - CATALOGING SOURCE
- Original cataloging agency: dpl
- Transcribing agency: dpl
100 ## - HEADING--PERSONAL NAME
- Personal name: मिश्र,शिवगोपाल
670 ## - SOURCE DATA FOUND
- Source citation: Work cat.: (dpl)65279: मिश्र,शिवगोपाल, वायु प्रदूषण, 1994
670 ## - SOURCE DATA FOUND
- Source citation: Work cat.: (dpl)65279: मिश्र,शिवगोपाल, वायु प्रदूषण, 1994
